Akta Arkib Negara Malaysia 2003 (Akta 629)

Bibliographic Details
Corporate Author: MALAYSIA
Format: Book
Published: Kuala Lumpur : Percetakan Nasional Malaysia Berhad , 2003
Series:Undang-undang Malaysia
Subjects:

MARC

LEADER 00000cam a2200000 7i4500
001 0000003023
005 20040401.0
090 0 0 |a R 344.595092   |b MAL 2003 
110 1 0 |a MALAYSIA 
245 1 0 |a Akta Arkib Negara Malaysia 2003 (Akta 629) 
260 0 0 |a Kuala Lumpur :   |b Percetakan Nasional Malaysia Berhad ,   |c 2003 
300 |a 30 p. ;   |c 24 cm. 
440 0 0 |a Undang-undang Malaysia 
650 0 0 |a Archives   |x Law and legislation   |z Malaysia 
650 0 0 |a Public records   |x Law and legislation   |z Malaysia 
998 |a JPSM 
999 |a 0000005307   |b Monograph   |c Reference   |e Default branch